LEADER 00918nam a2200229 i 4500 001 000000043778 003 CaOOAMICUS 005 20241001111503.0 008 071128s1908 it u000 u ita u 040 $aSeMil$bita 100 1 $aD'Ovidio, Francesco,$d<1849-1925>.$0(OLS)http://semarc/name/8360 245 10$aNuovi studii manzoniani /$cFrancesco D'Ovidio. 260 $aMilano :$bU. Hoepli,$c1908. 300 $aXII, 681 p. ;$c19 cm. 500 $aContiene : Ermengarda ; I brani inediti. 650 4$aManzoni, Alessandro <1785-1873> - Opere - Studi.$0(OLS)http://semarc/subject/5723 850 $aSeMil 852 $aSeMil$W1$xVenegono$y1$m1O I 449$j251158$B9933$CSeMilBibl$Z2$F9933 $81 961 $aOmaggio: Biblioteca Seminario Saronno 996 $6245$aNuovi studii manzoniani$9(OLS)http://semarc/title/64449 996 $6260$aMilano :$bU. Hoepli$9(OLS)http://semarc/publisher/33212 LEADER 00896nam a2200205 i 4500 001 000000246818 003 CaOOAMICUS 005 20151126000000.0 008 151126s1964 fr u000 u fre u 013 $a225723 040 $aSeMil$bita 245 10$aVocabulaire de théologie biblique /$cpublié sous la direction de Xavier Léon-Dufour ... [et al.]. 260 $aParis :$bLes Éditions du Cerf,$c1964. 300 $aXXVIII, 1158 col. ;$c23 cm. 650 4$aTeologia biblica - Enciclopedie e dizionari.$0(OLS)http://semarc/subject/990 700 1 $aLéon-Dufour, Xavier,$c.$0(OLS)http://semarc/name/986 850 $aSeMil 852 $aSeMil$W1$xVenegono$y1$m2VV I 8$j269622$B197164$CSeMilBibl$Z2$F208191 $81 996 $6245$aVocabulaire de théologie biblique$9(OLS)http://semarc/title/149392 996 $6260$aParis :$bLes Éditions du Cerf$9(OLS)http://semarc/publisher/29611